01669nam a2200289 4500020001500000040000900015082001600024100004900040245011200089246004400201246004300245246004400288260004500332300001500377500001300392500001300405520062600418546001301044650002801057650002701085650005501112650006201167650002401229942001201253999001901265952009501284 a9695560326 cNSHS a297.57bFAZ1 aFaẓāl, Asmā ʿAlī Muḥammad91302211 aTaʿmīr-e shakhṣiyat meṅ ʿibādat kā kirdār /cMuʾallifah Asmā ʿAlī Muḥammad Faẓāl. aTamir-e shakhsiyat men ibadat ka kirdar aTamir-e shaksiat main ibadat ka kirdar aTameer-e shaksiat main ibadat ka kirdar aIslāmābād:bDaʿwah Academy,c2006 a130 pages. aDC010725 aReligion aTa‘mīr-e Shakhṣiyat meṅ ‘Ibādat kā Kirdār" (The Role of Worship in Personality Development) highlights how acts of worship—such as prayer, fasting, remembrance of God, and sincerity—play a vital role in shaping a person’s character. Worship helps develop inner peace, discipline, humility, and a sense of purpose. It strengthens moral values, builds self-control, and keeps a person connected to a higher moral framework. When practiced regularly, worship not only improves a person’s relationship with God but also positively influences their behavior, relationships, and decisions in daily life. aIn Urdu. 0aWorship (Islam)9130036 0aIslamxDoctrines91634 0aSelf-cultivationxReligious aspectsxIslam9130222 0aPersonality developmentxReligious aspectsxIslam9130223 0aMuslim life9130224 2ddccBK c614454d614454 00102ddc4070aNSHSbNSHSd2025-07-23o297.57 FAZpNSHS-2020r2025-07-23w2025-07-23yBK